Pomůžu vám zhubnout - definitivně

Bibliographic Details
Main Author: McKenna, Paul, 1963- (Author)
Other Authors: Brejlová, Dagmar, 1974- (Translator)
Format: Book
Language:Czech
English
PhysicalDescription:140 s. fotogr. 21 cm 1 audio CD
Published: Bratislava Eastone Books 2010
ISBN:9788081091209
Edition:1. vyd.
Series:Esprit - životní styl, osobní růst, duchovní rozvoj
Subjects:

MARC

LEADER 00000nam a2200000 a 4500
001 vtls010290113
003 SK-MaSNL
005 20260301131959.0
008 240313s2010 xo o g 000 0 cze
015 |a SNBA2012/04-01914 
020 |a 9788081091209  |q (brož.) 
035 |a 81C68365-CEA5-457A-BA75-465B73A5AE24 
035 |a urn:nbn:sk:snk-amji9f 
035 |a urn:nbn:sk:snk-am001yry 
040 |a SNK  |b slo  |c SNK  |e AACR2 
041 1 |a cze  |h eng 
044 |a xo  |c SK 
072 7 |a 615.8  |x Fyzioterapia. Psychoterapia. Alternatívna medicína  |2 konspekt 
072 7 |a 159.9  |x Psychológia  |2 konspekt 
080 |a 615.874.24  |2 2001 
080 |a 613.24  |2 2001 
080 |a 159.9  |2 2001 
080 |a (035)  |2 2001 
100 1 |a McKenna, Paul,  |d 1963-  |4 aut  |9 324909 
240 0 0 |a I can make you thin  |l Česky 
245 1 0 |a Pomůžu vám zhubnout - definitivně  |c Paul McKenna ; [z anglického originálu přeložila Dagmar Brejlová] 
250 |a 1. vyd. 
260 |a Bratislava  |b Eastone Books  |c 2010 
300 |a 140 s.  |b fotogr.  |c 21 cm  |e 1 audio CD 
490 1 |a Esprit - životní styl, osobní růst, duchovní rozvoj 
504 |a Zoz. techník 
650 0 7 |a redukcia telesnej hmotnosti  |2 SNKPH  |9 66799 
650 0 7 |a redukčné diéty  |2 SNKPH  |9 1801 
650 0 7 |a psychológia  |2 SNKPH  |9 807 
650 0 7 |a Weight loss  |2 SNKPHeng  |9 311883 
650 0 7 |a Reducing diets  |2 SNKPHeng  |9 312233 
650 0 7 |a Psychology  |2 SNKPHeng  |9 265291 
655 7 |a príručky  |2 SNKPH  |9 74364 
655 7 |a Handbooks, manuals, etc.  |2 SNKPHeng  |9 90964 
700 1 |a Brejlová, Dagmar,  |d 1974-  |4 trl  |9 318583 
830 0 |a Esprit - životní styl, osobní růst, duchovní rozvoj  |9 482048 
919 |a 978-80-8109-120-9 
958 |a CZ 
958 |a OP 
958 |a OND 
968 |a Čes  |b ENG  |d 61 
999 |c 749713  |d 751643 
952 |a SNK  |b SNK  |y PREZ  |7 0  |p 17A0707225  |o snkSC 146034  |i snk2011/15046  |8 0  |3 Príloha: 1 audio CD  |0 0  |1 0  |4 0  |d 2011-07-01  |l 0  |r 2025-07-15 00:00:00  |w 2026-02-23 
952 |a SNK  |b SNK  |y PREZ  |7 0  |p 17A0707226  |o snkSC 146034/príl.  |i snk2011/15046  |8 0  |3 Príloha: 1 audio CD  |z Príloha  |0 0  |1 0  |4 0  |d 2011-07-01  |l 0  |r 2025-07-15 00:00:00  |w 2026-02-23 
952 |a SNK  |b SNK  |y VYP  |7 0  |p 17A0707227  |o snkSC 146034 D1  |i snk2011/15048  |8 0  |3 Príloha: 1 audio CD  |0 0  |1 0  |4 0  |d 2011-07-01  |f 1  |l 0  |r 2026-02-23 23:28:11  |w 2026-02-23 
952 |a SNK  |b SNK  |y PREZ  |7 0  |p 17A0707228  |o snkSC 146034/príl. D1  |i snk2011/15048  |8 0  |3 Príloha: 1 audio CD  |z Príloha  |0 0  |1 0  |4 0  |d 2011-07-01  |l 0  |r 2026-02-23 23:28:11  |w 2026-02-23